| 000 | 00621nam a22001937a 4500 | ||
|---|---|---|---|
| 003 | OSt | ||
| 005 | 20251121142846.0 | ||
| 008 | 251121b |||||||| |||| 00| 0 eng d | ||
| 020 | _a962-593-338-7 | ||
| 040 |
_aDWC-Main lib _cOC |
||
| 082 | _aRes. 641.5959 B678 2002 | ||
| 100 | _aLee, G.B. | ||
| 245 |
_aAsian Rice Dishes _cLee, Geok Boi |
||
| 260 |
_aSingapore : _bPeriplus, _cc2002. |
||
| 300 |
_a64 pages : _bcolored illustration : _c20 cm. |
||
| 504 | _aIncludes index | ||
| 650 | _2Cookery- asian | ||
| 942 |
_2ddc _cBK-CIRC _ePeriplus editions _hRes. 641.5959 B678 2002 _kRes. _n0 |
||
| 999 |
_c6010 _d6010 |
||